A Text-book of electrical technology (Record no. 23016)

MARC details
000 -LEADER
fixed length control field 00340nam a2200121Ia 4500
082 ## - DEWEY DECIMAL CLASSIFICATION NUMBER
Classification number 621.3
Item number THE
100 ## - MAIN ENTRY--AUTHOR NAME
Personal name Theraja, B
245 #2 - TITLE STATEMENT
Title A Text-book of electrical technology
260 ## - PUBLICATION, DISTRIBUTION, ETC. (IMPRINT)
Place of publication New Delhi
Name of publisher Nirja Construction and Development
Year of publication 1984
650 ## - SUBJECT ADDED ENTRY--TOPICAL TERM
Topical Term Electrical technology
942 ## - ADDED ENTRY ELEMENTS (KOHA)
Koha item type Books
Holdings
Withdrawn status Lost status Damaged status Not for loan Home library Current library Date acquired Full call number Accession Number Koha item type
        RRII Library RRII Library 16/12/2021 621.3 THE 03724 Books